00530nam a2200193 a 4500001001300000003000900013005001700022008004100039020001000080082001800090100002400108245003800132260004300170300001000213500003500223505003800258650001600296700002400312nice12345678IN_TiNIC20260116012344.0050524s0000 saha grp 000 0 urd  ac10000a891.4391bHUS aHussain, Qazi Zahed aMasnawi Tilasam Hairat Ba Tasveer aSaharanpurbBahar Aish Book Depoc0000 a193p. aincludes index and biblioraphy2 a1.Muharram Namah 2. Hilal-E-Matam aUrdu-Poetry1 aHussain, Qazi Zahed